Loading...
History of English
| Main Author: | |
|---|---|
| Format: | Printed Book |
| Language: | English |
| Published: |
Oxon
Routledge
2007
|
| Edition: | 2nd |
| Subjects: |
| LEADER | 00633nam a2200253 a 4500 | ||
|---|---|---|---|
| 001 | adlib96000001 | ||
| 003 | ViArRB | ||
| 005 | 20151026132343.0 | ||
| 008 | 960221s1955 dcuabcdjdbkoqu001 0deng d | ||
| 020 | |a 9780415341844 | ||
| 022 | |||
| 040 | |a Adlib | ||
| 082 | |a 802.0 | ||
| 245 | |a History of English | ||
| 250 | |a 2nd | ||
| 260 | |a Oxon |b Routledge |c 2007 | ||
| 300 | |a x, 134p | ||
| 500 | |a | ||
| 100 | |a Culpeper, Jonathan | ||
| 700 | |||
| 942 | |c BK |6 _ | ||
| 653 | |a English language-History | ||
| 999 | |c 46935 |d 46935 | ||
| 952 | |0 0 |1 0 |4 0 |6 8020_CUL |7 0 |9 59473 |a UL |b UL |d 2010-06-16 |o 802.0 CUL |p 00060847 |r 2010-06-16 |w 2010-06-16 |y BK | ||